Derecho bancario/ (Registro nro. 8201)

Detalles MARC
000 -LEADER
fixed length control field 01384nam a2200205Ia 4500
005 - FECHA Y HORA DE LA ÚLTIMA TRANSACCIÓN
control field 20230605102807.0
008 - FIXED-LENGTH DATA ELEMENTS--GENERAL INFORMATION
fixed length control field 230530s9999 xx 000 0 und d
020 ## - INTERNATIONAL STANDARD BOOK NUMBER
International Standard Book Number 9700737993
040 ## - CATALOGING SOURCE
Original cataloging agency UPAN
Transcribing agency Biblioteca San Vicente
Description conventions RCAA2
041 ## - LANGUAGE CODE
Language code of text/sound track or separate title spa
082 ## - DEWEY DECIMAL CLASSIFICATION NUMBER
Classification number 346.08
Item number R635d
100 ## - MAIN ENTRY--PERSONAL NAME
Personal name Rodríguez Rodríguez, Joaquín
Relator code aut.
245 #0 - TITLE STATEMENT
Title Derecho bancario/
Statement of responsibility, etc Joaquín Rodríguez Rodríguez
250 ## - EDITION STATEMENT
Edition statement 10ª ed.
260 ## - PUBLICATION, DISTRIBUTION, ETC. (IMPRINT)
Place of publication, distribution, etc México:
Name of publisher, distributor, etc Porrúa,
Date of publication, distribution, etc 2003
300 ## - PHYSICAL DESCRIPTION
Extent 332 p.;
Dimensions 24 cm.
505 ## - FORMATTED CONTENTS NOTE
Formatted contents note Capitulo I: Introducción<br/>Capitulo II: Parte general<br/>Capitulo III: Historia<br/>Capitulo IV: Clasificación de las operaciones bancarias<br/>Capitulo V: Operaciones de intermediación en el crédito<br/>Capitulo VI: Operaciones de intermediación en el crédito. Operaciones pasivas. Depósitos bancarios.<br/>Capitulo VII: Operaciones de intermediación en el crédito. Operaciones pasivas. Depósitos bancarios<br/>Capitulo VIII: Operaciones de intermediación en el crédito. Operaciones pasivas. Depósitos bancarios<br/>Capitulo IX: Operaciones de intermediación en el crédito. Operaciones pasivas. Depósitos bancarios <br/>Capitulo X: Operaciones de intermediación en el crédito. Operaciones pasivas. Depósitos bancarios<br/>Capitulo XI: Operaciones de intermediación en el crédito. Operaciones pasivas. Redescuentos y anticipos.
650 ## - SUBJECT ADDED ENTRY--TOPICAL TERM
Source of heading or term LEMB
General subdivision Derecho Bancario
942 ## - ADDED ENTRY ELEMENTS (KOHA)
Koha item type Libros
Source of classification or shelving scheme Dewey Decimal Classification
Existencias
Withdrawn status Lost status Source of classification or shelving scheme Damaged status Not for loan Collection code Home library Current library Date acquired Total Checkouts Full call number Barcode Date last seen Price effective from Koha item type
    Dewey Decimal Classification     Colección General Biblioteca UPAN San Vicente Biblioteca UPAN San Vicente 30/05/2023   346.08 R635d 12000847 30/05/2023 30/05/2023 Libros